Ukraina - Obwody - Statystyki

Ogólne statystyki
  • Ten quiz został rozwiązany 110 razy
  • Średni wynik to 7 z 27
Statystyki odpowiedzi
Obwody % Poprawnych
Kijów
88%
Krym
42%
Obwód lwowski
37%
Obwód doniecki
33%
Obwód kijowski
33%
Obwód odeski
33%
Obwód charkowski
30%
Obwód ługański
30%
Obwód wołyński
28%
Obwód chersoński
26%
Obwód sumski
26%
Obwód mikołajowski
25%
Obwód zakarpacki
25%
Obwód żytomierski
24%
Obwód zaporoski
22%
Obwód tarnopolski
20%
Obwód winnicki
20%
Obwód połtawski
18%
Sewastopol
18%
Obwód czerkaski
17%
Obwód iwanofrankiwski
17%
Obwód czernihowski
16%
Obwód chmielnicki
14%
Obwód czerniowiecki
14%
Obwód rówieński
14%
Obwód dniepropetrowski
13%
Obwód kirowohradzki
7%
Nie znaleziono quizów pasujących do podanych kryteriów
Rozkład punktacji
Procent ludzi z każdym wynikiem
Percentyl według liczby udzielonych odpowiedzi
Twoja historia wyników
Nie rozwiązałeś tego quizu